| 000 | 00000nam##2200000za#4500 |
| 001 | 9.600722 |
| 003 | CaOODSP |
| 005 | 20210624205725 |
| 007 | cr ||||||||||| |
| 008 | 150406|2002||||xxc|||||o f|0| 0 fre|d |
| 040 | |aCaOODSP|bfre |
| 043 | |an-cn--- |
| 086 | 1 |aNH18-1-2/38-2-2002F-PDF |
| 110 | 2 |aSociété canadienne d'hypothèques et de logement. |
| 245 | 10|aProjet de recherche sur la qualification du degré de confort acoustique procuré par les immeubles multilogement. Phase II / |h[ressource électronique]|cpréparé par Michel Morin et Jean-Marie Guérin. |
| 246 | 14|aQualification du degré de confort acoustique procuré par les immeubles multilogement. Phase II |
| 260 | |aOttawa - Ontario : |bSociété canadienne d'hypothèques et de logement |c17 Décembre 2002. |
| 300 | |a70p.|bfigures, graphiques, tableaux |
| 490 | 1 |aRapport de recherche |
| 546 | |a(Summary in English.) |
| 590 | |a11-25-Supp|b2011-10-31 |
| 720 | 1 |aMorin, Michel |
| 720 | 1 |aGuérin, Jean-Marie |
| 830 | #0|aResearch report (Société canadienne d'hypothèques et de logement : En ligne)|w(CaOODSP)9.502470 |
| 856 | 40|ahttp://publications.gc.ca|qPDF|s1.26 Mo|uhttps://publications.gc.ca/collections/collection_2011/schl-cmhc/nh18-1-2/NH18-1-2-38-2-2002-fra.pdf |